Başbakan Tansu Çiller'in hükümet çalışmalarıyla ilgili değerlendirmeleri (Record no. 7510)

MARC details
000 -BAŞLIK
Sabit Uzunlukta Kontrol Alanı 00706na a2200229 4500
001 - KONTROL NUMARASI
Denetim Alanı 19077
003 - KONTROL NUMARASI IDENTIFIER
Denetim Alanı MIRAKIL
005 - SON İŞLEM TARİHİ VE ZAMANI
Denetim Alanı 20181213155141.0
008 - SABİT-BOY VERİ ELEMANLARI - GENEL BİLGİLER
Sabit Uzunlukta Kontrol Alanı 170125b tu 000 0
040 ## - KATALOGLAMA KAYNAK
Orijinal Kataloglama Ajansı Milas
Kataloglama Dili tur
Metne Dönüştürmek Ajansı TR-AnCHP
041 ## - DİL KODU
Metin / Ses Parça Veya Ayrı Başlığın Dil Kodu tur
082 ## - DEWEY ONLU SINIFLANDIRMA NUMARASI
Sınıflandırma Numarası 353.0313
Ürün Numarası T96b 1994
090 ## - SINIFLAMA NUMARASI
Sınıflama Numarası 353.0313 T96b 1994
100 ## - ANA GİRİŞ - KİŞİSEL İSİM
Kişisel Ad Çiller, Tansu
130 ## - ANA GİRİŞ - ÜNİFORM BAŞLIK
Üniforma Başlık T.C. Başbakanlık
245 ## - BAŞLIK TABLOSU
Başlık Başbakan Tansu Çiller'in hükümet çalışmalarıyla ilgili değerlendirmeleri
Sorumluluk Tablosu, Vb Tansu Çiller
260 ## - YAYIN, DAĞITIM, VB
Yayın, Dağıtım, Vb Yeri Ankara
Yayıncı, Dağıtıcı, Vs Adı Başbakanlık Basın Merkezi
Yayın, Dağıtım, Vb Tarihi 1994
300 ## - FİZİKSEL TANIM
Kapsam 89, 10 s.
Diğer Fiziksel Ayrıntıları tbl.
Boyutlar 20 sm.
600 ## - KONU KATMA GİRİŞ - KURUMSAL ADI
Kişisel Ad Çiller, Tansu
Genel Alt Bölümü Konuşmalar
650 ## - KONU KATMA GİRİŞ - TOPİKAL DÖNEM
Topikal Süreli Veya Coğrafi Ad Giriş Elemanı Hükümet programları
Genel Alt Bölümü Değerlendirmeler
942 ## - EKLENDİ GİRİŞ ELEMANLARI (KOHA)
Sınıflandırma Veya Raf Düzeni Kaynak
Koha Öğesi Türü Books
999 ## - SİSTEM KONTROL NUMARALARI (KOHA)
Koha Biblionumber 7510
Koha Biblioitemnumber 7510
Holdings
Kalıcı Konum Mevcut Konum Edinme Tarihi Edinim Kaynak Toplam Check-Out'Lar Tam Çağrı Numarası Barkod Tarih Son Görülme İtibaren Geçerli Fiyatlar Koha Öğesi Türü
CHP Kütüphanesi CHP Kütüphanesi 12/08/2016 Bağış   353.0313 T96b 1994 008935 12/08/2016 12/08/2016 Books